000 01225cab a2200181 4500
001 L129281
008 050407n2005 000 0 eng u
035 _a(Sirsi) u129281
041 _aeng
100 _aBarnes, Yolande
245 _aThere's no place like the real world
260 _c2005
490 _aEstates Gazette
_v(0513) 2 April 2005, 60-61(2)
520 _aLooks at a method using GIS developed by the FDPSavills research department for utilising land in a sustainable way in all situation and locations, demonstrating that the government sustainable communities plan to deliver high-quality housing in desirable neighbourhoods can be profitable as well as principled. The approach informs the masterplanning process by assessing what can be built viably on a site. Reports on Savillstown, one of a number of client studies that measure the full, mixed-use potential of sites. Concludes that carefully planned bespoke mixed-use in its broadest sense is the key to delivering higher returns as well as sustainable communities and that real places are more valuable than artificial developments.
590 _aIKA150405
690 _aPROPERTY-PROPERTY DEVELOPMENT-SUSTAINABLE PROPERTY DEVELOPMENT
942 _n0
999 _c75045
_d75045